Uno Flex!

Bibliographic Details
Language:Spanish
Subjects:

MARC

LEADER 00000npm a22000007a 4500
003 UAHC
005 20260417110300.0
008 260417b ||||||||||||| 00| 0 spa d
040 |a UAHC  |c UAHC 
245 |a Uno Flex! 
300 |a 1 mazo de cartas 
505 |a 112 cartas y un folleto con instrucciones y reglas del juego 
650 0 |a Juegos de mesa  |9 6549 
900 |a UNO FLEX 
942 |2 ddc  |c JM 
952 |0 0  |1 0  |4 0  |6 UNO_FLEX  |7 0  |9 102010  |a BC  |b BC  |c Referencia  |d 2026-04-17  |e Compra  |g 5008.00  |l 7  |o UNO FLEX  |p 1472537  |r 2026-05-04 16:12:27  |s 2026-05-04  |t 1  |w 2026-04-17  |x OC: 2345 / Factura Buscalibre Nº 247449  |y JM  |z Revisar contenido antes de devolver 
952 |0 0  |1 0  |4 0  |6 UNO_FLEX  |7 0  |9 102011  |a BR  |b BR  |c Referencia  |d 2026-04-17  |e Compra  |g 5008.00  |l 2  |o UNO FLEX  |p 1472538  |r 2026-04-22 18:32:22  |s 2026-04-22  |t 1  |w 2026-04-17  |x OC: 2345 / Factura Buscalibre Nº 247449  |y JM  |z Revisar contenido antes de devolver 
952 |0 0  |1 0  |4 0  |6 UNO_FLEX  |7 0  |9 102012  |a BS  |b BS  |c Referencia  |d 2026-04-17  |e Compra  |g 5008.00  |l 1  |o UNO FLEX  |p 1472539  |r 2026-04-23 11:50:07  |s 2026-04-23  |t 1  |w 2026-04-17  |x OC: 2345 / Factura Buscalibre Nº 247449  |y JM  |z Revisar contenido antes de devolver 
999 |c 63610  |d 63610